000 01344nam a2200313 a 4500
001 BRCA_3008
005 20190320204052.0
008 200109s1700----ne-a---###---#000-0#fre-u
041 _afre
044 _ane
084 _a325
_b.M678
_c1700
100 1 _aCervantes Saavedra, Miguel de
_d1547-1616
_9213
245 1 0 _aHistoire de L´Admirable Don Quichotte de la Manche
_cMiguel de Cervantes Saavedra.
260 _aAmsterdam
_bPierre Mortier
_c1700
300 _a5 v.
_bil.
_c13 cm.
500 _aContenido : v 1. Primera parte. Advertencia del traductor. Texto. -- v 2. Texto. -- v 3. Segunda parte. Texto. -- v 4. Texto. -- v 5. Continuación del traductor
500 _aEdición : Traduite par Filleau de Saint-Martin
500 _aCopia de la traducción del LO-324 Lúdovik Osterc
500 _aEstado físico : El volumen uno presenta el lomo maltratado de la parte inferior
546 _aTexto en : francés
650 1 4 _aNovela española
_yÉpoca clásica, 1500-1700
_9215
650 1 4 _aLiteratura española
_yÉpoca clásica, 1500-1700
_9216
650 1 4 _aNovela española
_ySiglo XVII
_9217
650 1 4 _aDon Quijote (Personaje ficticio)
_eNovela
_9218
700 1 _aSain-Martin, Francois Filleau de
_d1632-1695
_eTraductor
_98301
740 0 _aEl Ingenioso Hidalgo Don Quijote de la Mancha
902 _aQFM
942 _2lcc
_cB
999 _c2746
_d2746